Romische Rechtsgeschichte: Quellenkunde, Rechtsbildung, Jurisprudenz und Rechtsliteratur

Na minha lista:
Detalhes bibliográficos
Autor principal: Wieacker, Franz (Author)
Formato: Livro
Idioma:alemão
Publicado em: Múnich Beck 1988
Colecção:Rechtsgeschichte des Altertums, 1
Assuntos:
Tags: Adicionar Tag
Sem tags, seja o primeiro a adicionar uma tag!

MARC

LEADER 00000nam a2200000 a 4500
001 UCY0820
003 CL-VaPUC
008 940813e19880000GW |||||||||||||||||ger|d
082 0 4 |a 340.54  |b WIE  |2 21 
100 0 |a Wieacker, Franz  |e author  |9 328653 
245 1 0 |a Romische Rechtsgeschichte: Quellenkunde, Rechtsbildung, Jurisprudenz und Rechtsliteratur 
300 |a v 
942 |c BK 
945 |d 19940813 00:00:00  |a aalvarez 
260 |a Múnich  |b Beck  |c 1988 
500 |a v.1: Einleitung. Quellenkunde Fruhzeit und Republik 
650 0 |a Derecho romano  |9 255930 
583 |a last modification  |c 19940813 00:00:00  |k Rodrigo Vera 
490 0 |a Rechtsgeschichte des Altertums, 1 
999 |c 229723  |d 229721 
952 |0 0  |1 0  |4 0  |6 340_540000000000000_WIE_1988  |7 0  |8 DER_ROM  |9 231223  |a BIBDER  |b BIBDER  |d 2019-11-15  |h v.1  |i 2951363  |o 340.54 WIE 1988  |p 2951363  |r 2023-01-25  |w 2019-11-15  |x Ubicación 4to piso  |y BK  |z Este recurso debe solicitarse con anticipación  |k DER